Cheminements d'une action de développement : (Record no. 14937)
[ view plain ]
| 000 -LEADER | |
|---|---|
| fixed length control field | 00473nam a2200157 a 4500 |
| 020 ## - INTERNATIONAL STANDARD BOOK NUMBER | |
| ISBN | 2738411223 |
| 040 ## - CATALOGING SOURCE | |
| Transcribing agency | DLC |
| 082 ## - DEWEY DECIMAL CLASSIFICATION NUMBER | |
| Classification number | 338 HAR 1992 A072 Or. |
| 245 00 - TITLE STATEMENT | |
| Title | Cheminements d'une action de développement : |
| Remainder of title | de l'identification à l'évaluation / |
| 260 ## - PUBLICATION, DISTRIBUTION, ETC. (IMPRINT) | |
| Place of publication | Paris : |
| Name of publisher | Harmattan, |
| Year of publication | c1992. |
| 300 ## - PHYSICAL DESCRIPTION | |
| Number of Pages | 203 p. : |
| Other physical details | ill. ; |
| Dimensions | 24 cm. |
| 650 #0 - SUBJECT ADDED ENTRY--TOPICAL TERM | |
| Topical Term | Economic development projects |
| 650 #0 - SUBJECT ADDED ENTRY--TOPICAL TERM | |
| Topical Term | Economic development projects |
| 700 1# - ADDED ENTRY--PERSONAL NAME | |
| Personal name | Beaudoux, Etienne. |
| 942 ## - ADDED ENTRY ELEMENTS (KOHA) | |
| Koha item type | សៀវភៅភាសាអង់គ្លេស |
| 952 ## - LOCATION AND ITEM INFORMATION (KOHA) | |
| Withdrawn status [LOCAL, KOHA] | 0 |
| Permanent Location | Date acquired | Koha item type | Lost status | Shelving location | Barcode | Current Location | Full call number |
|---|---|---|---|---|---|---|---|
| Library Block A | 2017-11-01 | សៀវភៅភាសាអង់គ្លេស | A072 | A08006 | Library Block A | 338 HAR 1992 A072 Or. |